| 000 | 00668cam a22002291 4500 | ||
|---|---|---|---|
| 001 | ne 64002934 | ||
| 003 | DLC | ||
| 005 | 20260227111807.0 | ||
| 008 | 900605s1964 ua 000 0 arar | ||
| 010 | _ane 64002934 | ||
| 025 | _aPL480:UAR-5040 | ||
| 035 | _a(OCoLC)21710397 | ||
| 040 |
_aDLC _cWaU _dDLC |
||
| 042 | _apremarc | ||
| 050 | 0 | 0 |
_aHM291 _b.I8 |
| 100 | 1 | _aʻĪsá, Muḥammad Ṭalʻat. | |
| 245 | 1 | 3 |
_aal-Shāʼiʻāt wa-kayfa nuwājihuhā, _cbi-qalam Muḥammad Ṭalʻat ʻĪsā. |
| 260 |
_a[al-Qāhirah, _bMaktabat al-Qāhirah al-Ḥadīthah, _c1964] |
||
| 300 |
_a171 p. _c24 cm. |
||
| 490 | 0 |
_aMuwāṭan al-Ishtirākī, _v1 |
|
| 650 | 0 | _aRumor. | |
| 999 |
_c47587 _d47587 |
||